Geometry Dash all modes - Statistics

General Stats
  • This quiz has been taken 67 times
  • The average score is 8 of 8
Answer Stats
Answer % Correct
S Ship
100%
S Spider
98%
B Ball
96%
C Cube
96%
W Wave
96%
U UFO
93%
R Robot
89%
S Swing Copter
85%
No matching quizzes found
Score Distribution
Percent of People with Each Score
Percentile by Number Answered
Your Score History
You have not taken this quiz